| 000 | 00834nam a2200253 a 4500 | ||
|---|---|---|---|
| 001 | 60281 | ||
| 003 | BD-RjUL | ||
| 005 | 20211209080824.0 | ||
| 008 | 161229s2011 bg a|||| ||||o00| 0 eng d | ||
| 020 |
_a9845089275 _c: Complimentary |
||
| 035 | _a(BD-RjUL) 60405 | ||
| 040 |
_aBD-RjUL _beng _cBD-RjUL |
||
| 041 | _aeng | ||
| 082 |
_223 _a630.95492021 _bPAT 2011 (ZS) |
||
| 110 |
_aBangladesh Bureau Of Statistics _9179266 |
||
| 245 | 1 | 0 |
_aCensus of agriculture, 2008 : _bZila series, Patuakhali / _cBangladesh Bureau Of Statistics |
| 260 |
_aDhaka: _bBBS, _c2011. |
||
| 300 |
_axvi, 312p. : _bill. ; _c28 cm. |
||
| 490 | _aZila series, Patuakhali. | ||
| 500 | _aChiefly statistical tables. | ||
| 650 |
_aAgriculture _zBangladesh _zPatuakhali _vStatistics. _9179406 |
||
| 830 |
_aZila series, Patuakhali. _9179407 |
||
| 942 |
_2ddc _cRAR |
||
| 999 |
_c60281 _d60281 |
||